00269nam a22000857a 4500082001500000245004000015260009000055300000900145490002900154 a657.42 TRA aTraining course in cost Accounting/ aWashington:bOffice of Industrial Resources Internatonal Cooperration Administrationm a52p: aTechnical Bulletin NO.59